Statistiques concernant 10 acteurs: Avengers

Cliquez ici pour prendre le quiz!

Statistiques générales

  • Ce quiz a été pris 510 fois
  • Le résultat moyen est 6 sur 10

Statistiques - réponses

RôleRéponse% Correct
Steve Rogers/ Captain AmericaChris Evans
93%
Tony Stark/ Iron ManRobert Downey Jr
88%
ThorChris Hemsworth
84%
Natasha Romanoff/ Black WidowScarlett Johansson
81%
Bruce Banner/ HulkMark Ruffalo
67%
Nick FurySamuel L. Jackson
61%
LokiTom Hiddleston
61%
Clint Barton/ HawkeyeJeremy Renner
58%
Maria HillCobie Smulders
15%
Agent CoulsonClark Gregg
12%

Distribution des résultats

Percentile par nombre de réponses

% des personnes avec chaque résultat

Votre développement - résultats

Vous n’avez pas pris ce quiz